LEADER 01263nam0-2200349---450- 001 990008784640403321 005 20091020162358.0 010 $a0-08-024384-3 035 $a000878464 035 $aFED01000878464 035 $a(Aleph)000878464FED01 035 $a000878464 100 $a20081222d1979----km-y0itay50------ba 101 1 $aeng 102 $aGB 105 $aa-------101yy 200 1 $aAntimetabolites in biochemistry, biology, and medicine$eproceedings of a symposium on antimetabolites in biochemistry, biology, and medicine, held in Prague, Czechoslovakia, July 10-12, 1978$feditors J. Skoda, P. Langen 210 $aOxford$cPergamon Press$d1979 215 $ax, 374 p.$cill.$d23 cm 225 1 $aProceedings of the 12th FEBS meeting$v7 676 $a594$v19 702 1$aSkoda,$bJan 702 1$aLangen,$bPeter 710 12$aSymposium on antimetabolites in biochemistry, biology, and medicine$f<1978 ;$ePrague, Czechoslovakia>$0432964 712 02$aFederation of European Biochemical Societies 801 0$aIT$bUNINA$gRICA$2UNIMARC 901 $aBK 912 $a990008784640403321 952 $aC 3n 1$b1641/CB1$fDMBBM 959 $aDMBBM 996 $aAntimetabolites in biochemistry, biology, and medicine$9809215 997 $aUNINA LEADER 01809nam 2200349 n 450 001 996390271203316 005 20221108024501.0 035 $a(CKB)1000000000651383 035 $a(EEBO)2240851591 035 $a(UnM)99850517 035 $a(EXLCZ)991000000000651383 100 $a19920306d1634 uy | 101 0 $aeng 135 $aurbn||||a|bb| 200 02$aA nevv booke of gauging$b[electronic resource] $eVery usefull and necessary for all vintners, salters, bruers, coopers, and all others that deale in liquid commodities, in all cities, and townes through-out the whole kingdome. Whereby any one that can but adde and subtract may (by a ruler of foure foote long, having one side divided into inches, and each inch divided into ten parts) very easily and exactly gauge any wine, oile, ale or beere vessell, according to that taught by that famous geometrician of worthie memorie, M. Henry Briggs in his treatise of Arithmetica logarithmica. By Henry Bond, practitioner in the mathematicks, and reader of navigation to the mariners of the Kings Maiesties Navy at Chattam 210 $aLondon $cPrinted by I. D[awson] and are to be sold by William Lugg[er] at the Posterne Gate$d1634 215 $a[4], 51, [1] p. $ctable 300 $aPrinter's name from STC. 300 $a"An early hand has added 'er' to the space following 'Lugg' in imprint of the Bodleian Library copy."--STC. 300 $aReproduction of the original in the Bodleian Library. 330 $aeebo-0014 606 $aGaging$vTables$vEarly works to 1800 615 0$aGaging 700 $aBond$b Henry$01006330 801 0$bCu-RivES 801 1$bCu-RivES 801 2$bCStRLIN 801 2$bWaOLN 906 $aBOOK 912 $a996390271203316 996 $aA nevv booke of gauging$92387333 997 $aUNISA LEADER 01485nam a2200313 i 4500 001 991000005989707536 005 20020506120150.0 008 951017s1993 it ||| | ita 020 $a8878023916 035 $ab10631720-39ule_inst 035 $aEXGIL136750$9ExL 040 $aDip.to Filol. Ling. e Lett.$bita 082 0 $a177.5 100 1 $aHolbach, Paul Henri Dietrich $0452397 245 10$aSaggio sui pregiudizi, o l'influenza delle opinioni sui costumi e sulla felicità degli uomini :$bopera contenente l'apologia della filosofia /$cP. H. T. d'Holbach (Du Marsais) ; a cura di Domenico di Iasio 260 $aMilano :$bGuerini,$c1993 300 $a244 p. ;$c23 cm. 490 0 $aSaggi / Istituto italiano per gli studi filosofici ;$v33 500 $aPubbl. originariamente sotto lo pseud.: Du Marsais. Tit. in cop. Saggio sui pregiudizi 650 4$aCultura popolare - Pregiuzi 650 4$aPregiudizi$xEtica 700 1 $aIasio, Domenico 740 0 $aEssai sur les préjugés, ou De l'influence des opinins sur les moeurs et sur le bonheur des hommes. 907 $a.b10631720$b23-02-17$c28-06-02 912 $a991000005989707536 945 $aLE008 FL.M. (TR.P.) I C 160$g1$i2008000366513$lle008$o-$pE0.00$q-$rl$s- $t0$u0$v0$w0$x0$y.i10719593$z28-06-02 996 $aSaggio sui pregiudizi, o l'influenza delle opinioni sui costumi e sulla felicità degli uomini$9234288 997 $aUNISALENTO 998 $ale008$b01-01-95$cm$da $e-$fita$git $h0$i1